[Event "Mittelfranken-chT 0405"]
[Site "Germany"]
[Date "2004.12.19"]
[Round "4.3"]
[White "Simon, Martin"]
[Black "Antona, Ignacio Miguel"]
[Result "1-0"]
[WhiteElo "1894"]
[BlackElo "1791"]
[PlyCount "85"]
[EventDate "2004.10.17"]
[EventType "team"]
[EventRounds "9"]
[EventCountry "GER"]
[SourceTitle "EXT 2007"]
[Source "ChessBase"]
[SourceDate "2006.11.23"]
[SourceVersion "1"]
[SourceVersionDate "2006.11.23"]
[SourceQuality "1"]

1. e4 c5 2. Nf3 Nc6 3. d4 cxd4 4. Nxd4 Nf6 5. Nc3 e6 6. a3 a6 7. Bg5 Qb6 8. Nb3 Be7 9. Qd2 Qc7 10. Be2 0-0 11. 0-0 b5 12. Rfd1 Rd8 13. Qe3 d6 14. Qg3 b4 15. axb4 Nxb4 16. Rd2 Bb7 17. Na5 Nxe4 18. Nxe4 Bxe4 19. Bxe7 Qxe7 20. c3 Nc6 21. Nxc6 Bxc6 22. Rxa6 Rxa6 23. Bxa6 Ra8 24. Be2 Bd5 25. h3 Rd8 26. c4 Bb7 27. b4 Ba6 28. Qa3 Bb7 29. Qg3 f5 30. Ra2 e5 31. Ra7 Rd7 32. Qa3 e4 33. Qa5 d5 34. cxd5 Bxd5 35. Rxd7 Qxd7 36. b5 f4 37. Bg4 Qb7 38. Qd8+ Kf7 39. b6 e3 40. fxe3 fxe3 41. Qc7+ Kf8 42. Qxb7 Bxb7 43. Bf3 1-0